LEADER 00838nam0-22003011i-450- 001 990003851780403321 005 20080111105236.0 035 $a000385178 035 $aFED01000385178 035 $a(Aleph)000385178FED01 035 $a000385178 100 $a20030910d--------km-y0itay50------ba 101 0 $aeng 102 $aIT 200 1 $aSecond Five Year Plan$fGovernment of India. Planning Commission. 210 $a\[ >>s.l.]$c\[ >>s.e.]$d1956. 215 $axiv, 653 p.$cill.$d24 cm 610 0 $aIndia$aPolitica economica 676 $aF/1.311 676 $aN/1.5 712 02$aIndia. Government. Planning Commission 801 0$aIT$bUNINA$gRICA$2UNIMARC 901 $aBK 912 $a990003851780403321 952 $aF/1.311 SEC$b039978/162$fSES 959 $aSES 996 $aSecond Five Year Plan$9515455 997 $aUNINA LEADER 04729nam 2200553 450 001 9910437630303321 005 20220318151541.0 010 $a3-030-62888-4 024 7 $a10.1007/978-3-030-62888-8 035 $a(CKB)5590000000433280 035 $a(DE-He213)978-3-030-62888-8 035 $a(MiAaPQ)EBC6463817 035 $a(PPN)253256178 035 $a(EXLCZ)995590000000433280 100 $a20210318d2020 uy 0 101 0 $aeng 135 $aurnn#008mamaa 181 $ctxt$2rdacontent 182 $cc$2rdamedia 183 $acr$2rdacarrier 200 10$aBiomass densification $esystems, particle binding, process conditions, quality attributes, conversion performance and international standards /$fJaya Shankar Tumuluru 205 $a1st ed. 2020. 210 1$aCham, Switzerland :$cSpringer,$d[2020] 210 4$d©2020 215 $a1 online resource (XIX, 191 p. 107 illus., 78 illus. in color.) 311 $a3-030-62887-6 327 $aChapter 1. Bioenergy Feedstock Types and Properties -- Chapter 2. Binding Mechanism, Densification Systems, Process Variables, and Quality Attributes -- Chapter 3. Densification Process Models and Optimization -- Chapter 4. Advances in Biomass Densification and Its Impact on Cost and Quality -- Chapter 5. Biochemical and Thermochemical Conversion Performance of Densified Products for Biofuels Production -- Chapter 6. International Standards for Densified Products. 330 $aThis monograph discusses the various biomass feedstocks currently available for biofuels production, as well as the mechanical preprocessing technologies that can be effectively used to reduce feedstock variability for biofuels applications. Variability in the properties of biomass?in terms of moisture, particle size distribution, and low-density?results in storage, transportation, handling, and feeding issues. Currently, biorefineries face serious particle bridging issues, uneven discharge, equipment-jamming, and transportation problems. These issues must be solved to ensure smooth operation. Mechanical preprocessing technologies, such as size reduction, densification, and moisture management using drying and dewatering, can help to overcome these issues. Many densification systems exist that will assist in converting low-density biomass to a high-density commodity type feedstock. In six chapters, the author discusses the various biomass feedstocks for biofuels production, the impact of densification process variables?such as temperature, pressure, moisture, etc.?on biomass particle agglomeration, the quality of the densified products, and the overall energy consumption of the process, as well as the various compression models for powders that can be used for biomass particles, agglomeration behavior, and optimization of the densification process using statistical and evolutionary methods. The book also discusses the novel preprocessing and dewatering technologies that can help to reduce pellet production costs. Finally, the book discusses the suitability of these densified products for biochemical and thermochemical conversion pathways, as well as the various international standards (CEN and ISO) they must adhere to. The author has worked on biomass preprocessing at Idaho National Laboratory for the last ten years. He is the principal investigator for the U.S. Department of Energy Bioenergy Technologies Office-funded ?Biomass Size Reduction and Densification? project. He has developed preprocessing technologies to reduce costs and improve quality. He has published many papers and books focused on biomass preprocessing and pretreatments. Biomass process engineers and biorefinery managers can benefit from this book. Students in chemical, mechanical, biological, and environmental engineering can also use the book to understand preprocessing technologies, which greatly assist in improving biomass critical material attributes. The book can also assist policymakers and energy systems planners with the ability to understand biomass properties limitations. 606 $aBiomassa$2thub 606 $aBiomass chemicals 606 $aBiomass energy 606 $aAgriculture 606 $aEnergia de la biomassa$2thub 608 $aLlibres electrònics$2thub 608 $aLlibres electrònics$2tgfc 615 7$aBiomassa 615 0$aBiomass chemicals. 615 0$aBiomass energy. 615 0$aAgriculture. 615 7$aEnergia de la biomassa 676 $a662.88 700 $aTumuluru$b Jaya Shankar$0945674 801 0$bMiAaPQ 801 1$bMiAaPQ 801 2$bMiAaPQ 906 $aBOOK 912 $a9910437630303321 996 $aBiomass densification$92135486 997 $aUNINA